| 000 | 00000nam##2200000za#4500 |
| 001 | 9.615413 |
| 003 | CaOODSP |
| 005 | 20200514165625 |
| 007 | ta |
| 008 | 150406|2000||||xxc||||| f|0| 0 eng|d |
| 040 | |aCaOODSP|beng |
| 043 | |an-cn--- |
| 086 | 1 |aNH18-22/99-122E |
| 110 | 2 |aCanada Mortgage and Housing Corporation. |
| 245 | 10|aFire resistance tests on small-scale floor assemblies |
| 260 | |aOttawa - Ontario : |bCanada Mortgage and Housing Corporation |c2000. |
| 300 | |a4p. : |btables ; |c28 cm. |
| 490 | 1 |aResearch highlight. Technical series |v99-122 |
| 563 | |aPamphlet |
| 590 | |a01-02|b2001-01-12 |
| 690 | 07|aConstruction materials|2gcpds |
| 690 | 07|aHousing|2gcpds |
| 776 | 0#|tFire resistance tests on small-scale floor assemblies |w(CaOODSP)9.580770 |
| 830 | #0|aResearch highlight. Technical series ;|v99-122|w(CaOODSP)9.514826 |
| 986 | |aNHA 2266 |